000 00424nam a2200181Ia 4500
003 LK-CoDNM
005 20240430140907.0
008 010623t1948 xxu||||| |||| 00| 1 sin d
040 _aLK-CoDNM
_dLK-CoDNM
_eLK-CoDNM
041 _asin
080 _aට45
100 _aJayamaha,Wellala
245 _aඑඩිය
246 _aEdiya
260 _bArisen Ahubudu
_aUnawatuna
_c1948
300 _b8P.,21 cm
942 _cBK
999 _c101309
_d101309